Osobnosť živnostníka ako zdroj úspechu/neúspechu malého podniku bakalárska práca

Salvato in:
Dettagli Bibliografici
Autore principale: Beňová, Mária
Ente Autore: Fakulta podnikového manažmentu EU. Katedra podnikovohospodárska
Altri autori: Gajdová, Denisa, 1977-
Natura: Libro
Lingua:slovacco
Pubblicazione: Bratislava 2012
Tags: Aggiungi Tag
Nessun Tag, puoi essere il primo ad aggiungerne!!

MARC

LEADER 00000nbm a2200000 4500
001 0153915
005 20161109111814.6
041 0 |a slo 
044 |a SK 
245 1 0 |a Osobnosť živnostníka ako zdroj úspechu/neúspechu malého podniku  |b bakalárska práca  |c Mária Beňová ; školiteľ: Denisa Gajdová 
264 1 |a Bratislava  |c 2012 
300 |a 55 s. 
100 1 |a Beňová, Mária 
700 1 |a Gajdová, Denisa, 1977- 
710 2 |a Fakulta podnikového manažmentu EU. Katedra podnikovohospodárska